000 00587nam a22001937a 4500
999 _c15047
_d15047
003 AR-CdUCM
008 190425b ||||| |||| 00| 0 spa d
020 _a978-84-9101-234-4
040 _aMUNICIPALIDAD PROVINCIAL DEL CUSCO
_cBIBLIOTECA MUNICIPAL DEL CUSCO
082 _aPI / 376.1 /
_bP78
100 _aPorcella, Teresa
_934057
245 _aPor qué /
260 _aBarcelona :
_bCombel,
_c2017.
300 _a22 páginas ;
_bIlustraciones,
_c21 cm.
650 _aLiteratura infantil
_9588
700 _aUrberuaga, Emilio
_924985
942 _2ddc
_cLIBROS
945 _aacv
_d2019-04-25